Uncertain futures: Challenges for decision makers (Record no. 34727)

MARC details
000 -LEADER
fixed length control field 00333nam a2200121Ia 4500
082 ## - DEWEY DECIMAL CLASSIFICATION NUMBER
Classification number 338.27
Item number AYR
100 ## - MAIN ENTRY--AUTHOR NAME
Personal name Ayres, Robert V
245 #0 - TITLE STATEMENT
Title Uncertain futures: Challenges for decision makers
260 ## - PUBLICATION, DISTRIBUTION, ETC. (IMPRINT)
Place of publication New York
Name of publisher John Wiley
Year of publication 1979
650 ## - SUBJECT ADDED ENTRY--TOPICAL TERM
Topical Term Economic forecasting
942 ## - ADDED ENTRY ELEMENTS (KOHA)
Koha item type Books
Holdings
Withdrawn status Lost status Damaged status Not for loan Home library Current library Date acquired Full call number Accession Number Koha item type
        RRII Library RRII Library 16/12/2021 338.27 AYR 15155 Books